[Event "51. Miedzynarodowy Festiwal Szachowy im. Akiby Rubinsteina - OPEN B"]
[Site "Polanica-Zdroj"]
[Date "1899-12-30"]
[Round "8.15"]
[White "Czachor, Radoslaw"]
[Black "Kulas, Szymon"]
[Result "0-1"]
[WhiteTitle "I++"]
[BlackTitle "k"]
[WhiteElo "1994"]
[BlackElo "2266"]

1. d4 Nf6 2. c4 g6 3. Nc3 Bg7 4. e4 d6 5. Be2 O-O 6. Nf3 Bg4 7. O-O Nfd7 8. Re1
Nc6 9. d5 Bxf3 10. Bxf3 Nd4 11. Be3 e5 12. dxe6 Nxf3+ 13. Qxf3 fxe6 14. Qe2 b6
15. Nb5 Nc5 16. f3 Qd7 17. Rad1 a6 18. Nd4 e5 19. Nb3 Ne6 20. c5 bxc5 21. Nxc5
Nxc5 22. Bxc5 Qe6 23. Be3 Qxa2 24. Ra1 Qb3 25. Rxa6 Rxa6 26. Qxa6 Qxb2 27. Qc4+
Rf7 28. Re2 Qb1+ 29. Kf2 Qb7 30. Ra2 c5 31. Qe6 Bf8 32. Bg5 Kg7 33. Rd2 h6 34.
Be3 Qe7 35. Qh3 Kh7 36. Qg4 h5 37. Qh3 Bh6 38. Bxh6 Kxh6 39. g4 Qg5 40. Rxd6 Qxg4
41. Qg3 Qxe4 42. Kg2 Qc2+ 43. Kh3 Rf4 44. Rd8 Qf5+ 45. Kg2 e4 0-1

[Event "51. Miedzynarodowy Festiwal Szachowy im. Akiby Rubinsteina - OPEN B"]
[Site "Polanica-Zdroj"]
[Date "1899-12-30"]
[Round "8.19"]
[White "Salakhova, Gulnara"]
[Black "Nowak, Lukasz"]
[Result "0-1"]
[WhiteTitle "WIM"]
[BlackTitle "k"]
[WhiteElo "2179"]
[BlackElo "2113"]

1. e4 e6 2. d4 d5 3. exd5 exd5 4. Nf3 Bd6 5. c4 Nf6 6. Nc3 O-O 7. cxd5 Nbd7 8.
Bg5 h6 9. Bh4 Nb6 10. Be2 Be7 11. O-O Nfxd5 12. Bxe7 Qxe7 13. Ne5 Be6 14. Bf3
Rad8 15. Rc1 Qb4 16. Qd2 c6 17. a3 Qa5 18. Rfd1 Nxc3 19. bxc3 Rfe8 20. Qb2 Bd5
21. Bxd5 cxd5 22. Qb4 Qxb4 23. cxb4 Rc8 24. Kf1 f6 25. Nf3 Na4 26. Nh4 Nb2 27.
Rxc8 Rxc8 28. Rd2 Nc4 29. Rd3 Kf7 30. Nf5 h5 31. Ke2 g6 32. Ne3 Nxe3 33. Rxe3
Rc2+ 34. Ke1 h4 35. h3 g5 36. g4 hxg3 37. fxg3 Rh2 38. g4 Rc2 39. Kd1 Rc4 40.
Rd3 b6 41. Kd2 a5 42. b5 Ke6 43. Re3+ Kd7 44. Rd3 Kd6 45. Ke3 Rc2 46. Kf3 0-1

[Event "51. Miedzynarodowy Festiwal Szachowy im. Akiby Rubinsteina - OPEN B"]
[Site "Polanica-Zdroj"]
[Date "1899-12-30"]
[Round "9.1"]
[White "Sabuk, Piotr"]
[Black "Antoniewski, Rafal"]
[Result "1-0"]
[WhiteTitle "k+"]
[BlackTitle "GM"]
[WhiteElo "2340"]
[BlackElo "2531"]

1. d4 Nf6 2. c4 d6 3. Nf3 c6 4. g3 Nbd7 5. Bg2 e5 6. O-O e4 7. Ne1 d5 8. Nc3 Be7
9. Nc2 O-O 10. Ne3 Nb6 11. c5 Nbd7 12. Nf5 b6 13. b4 a5 14. b5 Bb7 15. Ba3 cxb5
16. c6 Bxa3 17. cxb7 Rb8 18. Nxb5 g6 19. Nxa3 gxf5 20. Nb5 f4 21. Qc1 Rxb7 22.
Qxf4 Ne8 23. f3 exf3 24. Bxf3 Ndf6 25. Rac1 Qd7 26. a4 Qe6 27. Rc3 Ne4 28. Bxe4
dxe4 29. Qg5+ Qg6 30. Qxg6+ hxg6 31. Rc6 Ng7 32. Rf4 Re7 33. g4 Rd8 34. e3 Kh7
35. Rcf6 Rdd7 36. Nd6 Kg8 37. Nxe4 Ne8 38. Rxb6 g5 39. Nxg5 Rxe3 40. Kf2 Rde7
41. Ra6 Ra3 42. Re4 Nc7 43. Rxa5 Rd7 44. Ra7 Rc3 45. h4 Rd6 46. Re7 Rf6+ 47. Ke2
Nd5 48. Re8+ Kg7 49. Raa8 Nf4+ 50. Ke1 Rc1+ 51. Kd2 Rfc6 52. Rg8+ Kf6 53. Ne4+
Ke6 54. Nc5+ R6xc5 55. dxc5 Rxc5 56. Rge8+ Kf6 57. a5 Ne6 58. Rec8 Rd5+ 59. Kc3
Rd4 60. Rc4 Rd1 61. h5 Nc7 62. Kc2 Rd7 63. Ra7 1-0

[Event "51. Miedzynarodowy Festiwal Szachowy im. Akiby Rubinsteina - OPEN B"]
[Site "Polanica-Zdroj"]
[Date "1899-12-30"]
[Round "9.2"]
[White "Malaniuk, Vladimir P"]
[Black "Wisniewski, Michal"]
[Result "1/2-1/2"]
[WhiteTitle "GM"]
[BlackTitle "k"]
[WhiteElo "2485"]
[BlackElo "2133"]

1. Nf3 Nf6 2. c4 g6 3. Nc3 d5 4. cxd5 Nxd5 5. Qb3 Nb6 6. d4 Bg7 7. Bf4 O-O 8. e3
Be6 9. Qa3 a5 10. Be2 Nc6 11. Qc5 Nd7 12. Qb5 Nb4 13. O-O Nb6 14. a3 c6 15. Qc5
N4d5 16. Nxd5 Nxd5 17. Be5 Qb6 18. Qc2 f6 19. Bg3 Rac8 20. Bc4 Bf7 21. Qe2 Bh6
22. Rfe1 Qd8 23. Rad1 Nb6 24. Bxf7+ Rxf7 25. e4 Qd7 26. Rd3 Qe6 27. Qc2 a4 28.
Re2 Rff8 29. b4 Nc4 30. Qxa4 Ra8 31. Qd1 Nxa3 32. d5 cxd5 33. exd5 Qd7 34. Qb3
Kh8 35. Rd1 Nb5 36. Rde1 Rfe8 37. h4 Ra3 38. Qb2 Bg7 39. h5 gxh5 40. Re4 Rd3 41.
Qe2 Rxd5 42. Rxe7 Rxe7 43. Qxe7 Qxe7 44. Rxe7 Bf8 45. Rf7 Bxb4 46. Rxf6 Bd6 47.
Kh2 Bxg3+ 48. Kxg3 Nd4 49. Nxd4 Rxd4 50. Rb6 Rg4+ 51. Kh3 Rg7 52. g3 Rc7 53. f4
Rg7 54. Rb3 Rc7 55. Kh4 Rg7 56. Rb5 Rg4+ 57. Kh3 Rg7 58. Rxh5 b6 59. Rb5 Rb7 60.
Kg4 Rg7+ 61. Kf3 Rb7 62. g4 Kg7 63. Ke4 Kg6 64. Kd5 Rb8 65. Ke6 Re8+ 66. Kd7 Re4
67. f5+ Kg5 68. Rxb6 Rxg4 69. f6 Rf4 70. Ke7 h5 71. f7 h4 72. Rb5+ Kg4 73. Rb4
Rxb4 74. f8=Q h3 75. Qg7+ Kf3 76. Qc3+ Kg2 77. Qd2+ Kg1 78. Qe1+ Kg2 79. Qd2+
Kg1 80. Qg5+ Kh1 81. Qf5 Kg2 82. Qd5+ Kg1 83. Qd1+ Kg2 84. Qe2+ Kg1 1/2-1/2

[Event "51. Miedzynarodowy Festiwal Szachowy im. Akiby Rubinsteina - OPEN B"]
[Site "Polanica-Zdroj"]
[Date "1899-12-30"]
[Round "9.3"]
[White "Sergeev, Vladimir"]
[Black "Pultorak, Jan"]
[Result "1-0"]
[WhiteTitle "GM"]
[BlackTitle "I+"]
[WhiteElo "2452"]
[BlackElo "2126"]

1. Nf3 Nf6 2. g3 d5 3. Bg2 c6 4. d3 Bg4 5. Nbd2 Nbd7 6. h3 Bh5 7. g4 Bg6 8. Nh4
e5 9. e3 Bd6 10. Qe2 Ng8 11. Nxg6 hxg6 12. b3 Ne7 13. Bb2 Qa5 14. a3 g5 15. c4
dxc4 16. b4 Qc7 17. dxc4 Ng6 18. c5 Be7 19. Be4 Nh4 20. Nc4 O-O 21. Rd1 Rfd8 22.
O-O a5 23. Qc2 axb4 24. axb4 Ra2 25. Qb3 Rda8 26. Bb1 R2a6 27. Qd3 e4 28. Qxe4
Nf6 29. Bxf6 Bxf6 30. Nb6 Rd8 31. Rd7 Nf3+ 32. Kg2 Nh4+ 33. Kh1 1-0

[Event "51. Miedzynarodowy Festiwal Szachowy im. Akiby Rubinsteina - OPEN B"]
[Site "Polanica-Zdroj"]
[Date "1899-12-30"]
[Round "9.4"]
[White "Nowak, Kamil"]
[Black "Nasuta, Grzegorz"]
[Result "1/2-1/2"]
[WhiteTitle "I+"]
[BlackTitle "FM"]
[WhiteElo "2133"]
[BlackElo "2372"]

1. e4 c5 2. Nf3 d6 3. d4 cxd4 4. Qxd4 a6 5. c4 Nc6 6. Qe3 g6 7. h3 Bg7 8. Be2 Nf6
9. O-O O-O 10. Nc3 Be6 11. Rd1 Nd7 12. Rb1 Rc8 13. b3 Qa5 14. Bb2 Qc5 15. Qd2
Nde5 16. Nd5 Nxf3+ 17. Bxf3 Bxb2 18. Qxb2 Bxd5 19. Rxd5 Qb6 20. Rbd1 Ne5 21. Qc3
Qc7 22. Qe3 Nc6 23. Be2 Nb4 24. R5d2 Nc6 25. Rd5 Nb4 26. R5d2 Nc6 27. Rd5 Nb4
28. R5d2 Nc6 29. Rd5 Nb4 30. R5d2 Nc6 31. Rd5 1/2-1/2

[Event "51. Miedzynarodowy Festiwal Szachowy im. Akiby Rubinsteina - OPEN B"]
[Site "Polanica-Zdroj"]
[Date "1899-12-30"]
[Round "9.5"]
[White "Kowalczyk, Pawel"]
[Black "Rozycki, Bartlomiej"]
[Result "0-1"]
[WhiteTitle "I++"]
[BlackTitle "k++"]
[WhiteElo "2352"]
[BlackElo "2169"]

1. e4 e6 2. d4 d5 3. exd5 exd5 4. c4 Nf6 5. Nc3 Be7 6. Bd3 dxc4 7. Bxc4 O-O 8.
Nge2 Nbd7 9. O-O Nb6 10. Bb3 Nbd5 11. Re1 Re8 12. Ng3 Be6 13. Qf3 c6 14. Nf5 Bb4
15. Bd2 Qa5 16. Bc2 Bxf5 17. Qxf5 Rxe1+ 18. Rxe1 Bxc3 19. bxc3 Qxa2 20. Qd3 b5
21. g4 g6 22. g5 Nh5 23. Re5 Qa1+ 24. Re1 Qa3 25. Re4 Ng7 26. h4 a5 27. h5 Nxh5
28. Rh4 Nhf4 29. Bxf4 Nxf4 30. Qf3 Qc1+ 31. Kh2 Ne6 32. Bxg6 hxg6 33. Qh3 Nxg5
0-1

[Event "51. Miedzynarodowy Festiwal Szachowy im. Akiby Rubinsteina - OPEN B"]
[Site "Polanica-Zdroj"]
[Date "1899-12-30"]
[Round "9.6"]
[White "Swicarz, Maciej"]
[Black "Stoma, Pawel"]
[Result "0-1"]
[WhiteTitle "m"]
[BlackTitle "m"]
[WhiteElo "2300"]
[BlackElo "2346"]

1. e4 c5 2. Nc3 Nc6 3. Bb5 Nd4 4. Bc4 e6 5. Nf3 Nf6 6. O-O a6 7. d3 b5 8. Bb3 Nxb3
9. axb3 Bb7 10. e5 Ng4 11. Ne4 f5 12. exf6 Nxf6 13. Nfg5 Rc8 14. Bd2 b4 15. Qf3
Rc6 16. Rae1 Be7 17. Nxf6+ Bxf6 18. Qh5+ g6 19. Qh6 Qe7 20. Ne4 Bg7 21. Qf4 e5
22. Qf3 d5 23. Ng3 Rf6 24. Qe2 Re6 25. f4 O-O 26. f5 Rb6 27. Kh1 Qh4 28. Be3 d4
29. Bd2 gxf5 30. Rxf5 Rxf5 31. Nxf5 Qh3 32. Rf1 Rf6 33. Kg1 Qxf5 34. Rxf5 Rxf5
35. Qg4 Rf6 36. Qd7 Bc6 37. Qd8+ Kf7 38. g4 Re6 39. Qc7+ Kg8 40. h3 Bf8 41. Qc8
Kf7 42. Qc7+ Kg8 43. Qc8 Kf7 44. Qxa6 e4 45. dxe4 Bxe4 46. Qc4 Be7 47. Bf4 Bb7
48. Bc7 Kf6 49. Qf1+ Kg7 50. Qf5 Re1+ 51. Kf2 Re3 52. Bf4 Bh4+ 53. Kg1 Re1+ 54.
Kh2 Re3 0-1

[Event "51. Miedzynarodowy Festiwal Szachowy im. Akiby Rubinsteina - OPEN B"]
[Site "Polanica-Zdroj"]
[Date "1899-12-30"]
[Round "9.7"]
[White "Zochowski, Kacper"]
[Black "Oglaza, Oskar"]
[Result "1-0"]
[WhiteTitle "k"]
[BlackTitle "I+"]
[WhiteElo "2154"]
[BlackElo "2020"]

1. e4 c5 2. Nf3 d6 3. d4 Nf6 4. Nc3 cxd4 5. Nxd4 a6 6. f4 e6 7. Qf3 Qb6 8. a3 Nc6
9. Nxc6 bxc6 10. b3 g6 11. Bb2 Bg7 12. O-O-O d5 13. Bd3 O-O 14. g4 Bb7 15. Na4
Qc7 16. Nc5 Nd7 17. Bxg7 Kxg7 18. Nxd7 Qxd7 19. f5 Qe7 20. Kb2 c5 21. Rhf1 Qf6+
22. Ka2 Rab8 23. exd5 exd5 24. fxg6 fxg6 25. Qg3 Qc6 26. Qe5+ Kg8 27. Rxf8+ Rxf8
28. Rf1 Rxf1 29. Bxf1 Qd7 30. Bg2 Bc6 31. Qf6 Bb7 32. Qb6 Qxg4 33. Bxd5+ Bxd5
34. Qd8+ Kg7 35. Qxd5 Qe2 36. Qxc5 Qxh2 37. a4 h5 38. b4 h4 39. b5 axb5 40. axb5
h3 41. b6 Qg2 42. Qc7+ Kf6 43. b7 h2 44. b8=Q Qd5+ 45. Ka3 h1=Q 46. Qf4+ Kg7 47.
Qff8+ Kh7 48. Qh8# 1-0

[Event "51. Miedzynarodowy Festiwal Szachowy im. Akiby Rubinsteina - OPEN B"]
[Site "Polanica-Zdroj"]
[Date "1899-12-30"]
[Round "9.8"]
[White "Chylewski, Patryk"]
[Black "Kokoszczynski, Jan"]
[Result "1/2-1/2"]
[WhiteTitle "k"]
[BlackTitle "I++"]
[WhiteElo "2143"]
[BlackElo "1966"]

1. d4 Nf6 2. c4 e6 3. Nf3 Bb4+ 4. Nbd2 b6 5. a3 Bxd2+ 6. Qxd2 Ba6 7. e3 d5 8. Qc2
O-O 9. Be2 Nbd7 10. cxd5 Bxe2 11. Qxe2 exd5 12. O-O c6 13. b3 Ne4 14. Bb2 Qe7
15. Rac1 Rac8 16. Rc2 Rc7 17. Rfc1 Rfc8 18. Qd3 f6 19. Nd2 Nxd2 20. Rxd2 g6 21.
Rdc2 f5 22. a4 Qd6 23. Bc3 Nb8 24. Be1 Re7 25. b4 a6 26. b5 axb5 27. axb5 Rec7
28. bxc6 Rxc6 29. Rxc6 Rxc6 30. Rxc6 Qxc6 1/2-1/2

[Event "51. Miedzynarodowy Festiwal Szachowy im. Akiby Rubinsteina - OPEN B"]
[Site "Polanica-Zdroj"]
[Date "1899-12-30"]
[Round "9.9"]
[White "Mazalon, Mariusz"]
[Black "Koziol, Kamil"]
[Result "1-0"]
[WhiteTitle "k"]
[BlackTitle "k"]
[WhiteElo "2040"]
[BlackElo "2187"]

1. d4 d5 2. Nf3 e6 3. c4 Nf6 4. Nc3 Bb4 5. e3 O-O 6. Be2 c5 7. O-O Nc6 8. a3 Bxc3
9. bxc3 dxc4 10. Bxc4 Qc7 11. Ba2 Rd8 12. Bb2 b5 13. Qe2 c4 14. a4 a6 15. e4 e5
16. d5 Ne7 17. Nd2 Ng6 18. g3 Bh3 19. Rfe1 h5 20. Ba3 Bg4 21. Qe3 Rab8 22. Bb1
Nh7 23. Bc2 Qd7 24. axb5 axb5 25. f3 Bh3 26. Bb4 Rb7 27. Ra6 f6 28. Rea1 Ng5 29.
Ra7 Rdb8 30. Qc5 Ne6 31. Qd6 Nd8 32. Bc5 Qc8 33. Be3 Rxa7 34. Rxa7 Ra8 35. Qb6
Rxa7 36. Qxa7 b4 37. Qa4 bxc3 38. Nxc4 Bd7 39. Qb4 Qa6 40. Qxc3 Nf7 41. Bd3 Qa4
42. Bc2 Qa6 43. Bd3 Qa4 44. Be2 Qa2 45. Qb2 Qa8 46. Nb6 Qb7 47. Qa3 Kh7 48. h4
Be8 49. Kf2 Qc7 50. Qc5 Qb8 51. Nc4 Qb1 52. Nd2 Qh1 53. Nf1 Bd7 54. Ke1 Bh3 55.
Bg1 Bxf1 56. Kxf1 Qh3+ 57. Kf2 f5 58. Bf1 Qh1 59. Bg2 Nf4 60. Bxh1 1-0

[Event "51. Miedzynarodowy Festiwal Szachowy im. Akiby Rubinsteina - OPEN B"]
[Site "Polanica-Zdroj"]
[Date "1899-12-30"]
[Round "9.10"]
[White "Kulas, Szymon"]
[Black "Leks, Maria"]
[Result "1/2-1/2"]
[WhiteTitle "k"]
[BlackTitle "WCM"]
[WhiteElo "2266"]
[BlackElo "2101"]

1. d4 d5 2. Nf3 Nf6 3. c4 c6 4. Nc3 dxc4 5. a4 Bf5 6. e3 e6 7. Bxc4 Bb4 8. O-O
Nbd7 9. Qe2 Bg6 10. Bd3 Bxd3 11. Qxd3 O-O 12. Rd1 Qa5 13. Nd2 Rad8 14. Nb3 Qc7
15. Ne4 Nxe4 16. Qxe4 Nf6 17. Qf3 e5 18. e4 exd4 19. Bf4 Bd6 20. Bxd6 Qxd6 21.
Rxd4 Qe5 22. Rad1 Rxd4 23. Rxd4 Re8 24. Qe2 Nxe4 25. f3 Nf6 26. Qxe5 Rxe5 27.
Na5 Nd5 28. Nxb7 Re1+ 29. Kf2 Rb1 30. Rd2 g6 1/2-1/2

[Event "51. Miedzynarodowy Festiwal Szachowy im. Akiby Rubinsteina - OPEN B"]
[Site "Polanica-Zdroj"]
[Date "1899-12-30"]
[Round "9.11"]
[White "Wacior, Maciej"]
[Black "Kocwin, Bartosz"]
[Result "0-1"]
[WhiteTitle "I++"]
[BlackTitle "FM"]
[WhiteElo "1968"]
[BlackElo "2250"]

1. d4 Nf6 2. Nf3 e6 3. Bf4 d5 4. e3 c5 5. c3 Nc6 6. Bd3 Qb6 7. Qc1 Nh5 8. Be5 Be7
9. g4 Nf6 10. Rg1 Nxe5 11. Nxe5 Nd7 12. Nxd7 Bxd7 13. Nd2 cxd4 14. exd4 Bg5 15.
Qc2 O-O-O 16. O-O-O h5 17. h3 hxg4 18. hxg4 Rh2 19. Rdf1 Qd6 20. Kb1 Qf4 21. Nb3
Ba4 22. Qc1 Bxb3 23. Qxf4 Bxa2+ 24. Kxa2 Bxf4 25. g5 g6 26. Rg4 Bd6 27. c4 dxc4
28. Bxc4 Rdh8 29. f4 Rd2 30. f5 gxf5 31. g6 fxg4 32. g7 Rg8 33. Rxf7 Kd8 34. Rxb7
Bc7 35. Rxa7 Rxg7 36. Bxe6 g3 0-1

[Event "51. Miedzynarodowy Festiwal Szachowy im. Akiby Rubinsteina - OPEN B"]
[Site "Polanica-Zdroj"]
[Date "1899-12-30"]
[Round "9.12"]
[White "Dubinski, Mateusz"]
[Black "Bajkowski, Marcin"]
[Result "1/2-1/2"]
[WhiteTitle "CM"]
[BlackTitle "I+"]
[WhiteElo "2207"]
[BlackElo "1892"]

1. c4 e5 2. Nc3 Nc6 3. g3 g6 4. Bg2 Bg7 5. Nf3 f5 6. O-O d6 7. d3 Nf6 8. Rb1 O-O
9. b4 a6 10. a4 h6 11. Nd2 g5 12. b5 axb5 13. axb5 Ne7 14. Qb3 Kh8 15. Nd5 Nexd5
16. cxd5 b6 17. f4 gxf4 18. gxf4 Ng4 19. Nc4 exf4 20. Bxf4 Qe7 21. Rbe1 Bb7 22.
h3 Ne5 23. e4 fxe4 24. Rxe4 Bxd5 25. Nxe5 Qxe5 26. Bxe5 Rxf1+ 27. Bxf1 Bxb3 28.
Bxg7+ Kxg7 29. Re7+ Kf6 30. Rxc7 Bd5 31. Rh7 Rg8+ 32. Kf2 Rg6 33. d4 Be4 34. h4
Rg2+ 35. Bxg2 1/2-1/2

[Event "51. Miedzynarodowy Festiwal Szachowy im. Akiby Rubinsteina - OPEN B"]
[Site "Polanica-Zdroj"]
[Date "1899-12-30"]
[Round "9.13"]
[White "Kanicki, Krzysztof"]
[Black "Panas, Pawel"]
[Result "1/2-1/2"]
[WhiteTitle "k"]
[BlackTitle "k"]
[WhiteElo "2205"]
[BlackElo "2100"]

1. e4 e6 2. d4 d5 3. Nd2 dxe4 4. Nxe4 Bd7 5. Nf3 Bc6 6. Bd3 Nd7 7. O-O Ngf6 8.
Ned2 Be7 9. Re1 O-O 10. Nc4 Bd5 11. Nce5 c5 12. c4 Bxf3 13. Qxf3 cxd4 14. Qxb7
Qa5 15. Bf4 Rab8 16. Qf3 Rxb2 17. Nxd7 Nxd7 18. Qe4 Nf6 19. Qxd4 Rxa2 20. Bc7
Qa3 21. Rxa2 Qxa2 22. Ra1 Qb3 23. Bf1 Qb4 24. Qxa7 Bc5 25. Qa5 Qxa5 26. Rxa5 Ne4
27. Bd3 Rc8 28. Bxe4 Rxc7 29. Ra8+ Bf8 30. Bd3 Rd7 31. Be2 Rc7 1/2-1/2

[Event "51. Miedzynarodowy Festiwal Szachowy im. Akiby Rubinsteina - OPEN B"]
[Site "Polanica-Zdroj"]
[Date "1899-12-30"]
[Round "9.14"]
[White "Sujkowski, Pawel"]
[Black "Salakhova, Gulnara"]
[Result "1/2-1/2"]
[WhiteTitle "I++"]
[BlackTitle "WIM"]
[WhiteElo "1927"]
[BlackElo "2179"]

1. c4 e5 2. g3 Nf6 3. Bg2 d5 4. cxd5 Nxd5 5. Nc3 Nb6 6. Nf3 Nc6 7. O-O Be7 8. a3
O-O 9. b4 Be6 10. d3 Re8 11. Bb2 f6 12. Rc1 Nd5 13. Ne4 Qd7 14. Nc5 Bxc5 15. Rxc5
Rad8 16. Qc2 a6 17. Rc1 Qf7 18. e3 Rd7 19. b5 axb5 20. Rxb5 Nb6 21. Nd2 Bd5 22.
Ne4 Na7 23. Ra5 Nc6 24. Rb5 Na7 25. Ra5 Nc6 26. Rb5 1/2-1/2

[Event "51. Miedzynarodowy Festiwal Szachowy im. Akiby Rubinsteina - OPEN B"]
[Site "Polanica-Zdroj"]
[Date "1899-12-30"]
[Round "9.19"]
[White "Nowak, Lukasz"]
[Black "Psyk, Radoslaw"]
[Result "1-0"]
[WhiteTitle "k"]
[BlackTitle "k"]
[WhiteElo "2113"]
[BlackElo "2128"]

1. e4 c5 2. Nf3 e6 3. d4 cxd4 4. Nxd4 a6 5. Bd3 Nf6 6. O-O d6 7. c4 b6 8. Nc3 Bb7
9. Qe2 g6 10. Nf3 Bg7 11. Rd1 Qc7 12. Bg5 Nbd7 13. Rac1 O-O 14. Bb1 Ne5 15. Nxe5
dxe5 16. b3 h6 17. Be3 Rfd8 18. f3 Rxd1+ 19. Rxd1 Nd7 20. Qd2 Bc6 21. Bxh6 Bxh6
22. Qxh6 b5 23. cxb5 Qb6+ 24. Kh1 axb5 25. Qd2 b4 26. Ne2 Bb5 27. Nc1 Qc5 28.
Bd3 Nf6 29. Qc2 Qxc2 30. Bxc2 Rc8 31. Bd3 Rxc1 32. Rxc1 Bxd3 33. Kg1 Kf8 34. Kf2
Ke7 35. Ke3 Ba6 36. Rc6 Bf1 37. g3 Nd7 38. Rc7 Kd6 39. Rb7 Kc6 40. Rxb4 Nb6 41.
h4 Kc5 42. a3 Bb5 43. g4 f6 44. h5 gxh5 45. gxh5 Be8 46. h6 Bg6 47. Kd2 f5 48.
Kc3 fxe4 49. fxe4 Nd7 50. Rc4+ Kb6 51. Kb4 Nf6 52. Rc5 Bxe4 53. Rxe5 Bf5 54. a4
Kc6 55. a5 Kd6 56. Re1 Nd5+ 57. Kc4 Kc6 58. b4 Kd6 59. b5 e5 60. Rd1 Be4 61. h7
Ke6 62. Rxd5 Bxh7 63. b6 Be4 64. Rd2 Bb7 65. Kb5 e4 66. a6 e3 67. Re2 Be4 68.
Rxe3 1-0